书目信息 |
| 题名: |
白鲸
|
|
| 作者: | 梅尔维尔 著 ;成时 译 | |
| 分册: | ||
| 出版信息: | 北京 人民文学出版社 2001 |
|
| 页数: | 586页 | |
| 开本: | 21cm | |
| 丛书名: | 名著名译插图本 | |
| 单 册: | ||
| 中图分类: | I712.44 | |
| 科图分类: | ||
| 主题词: | 长篇小说--chang pian xiao shuo--美国--近代 , 文学 | |
| 电子资源: | ||
| ISBN: | 7-02-003984-7 | |
| 000 | 00915nam 2200301 450 | |
| 001 | CAL 012003083188 | |
| 005 | 20061120160700.09 | |
| 010 | @a7-02-003984-7@dCNY 23.00 | |
| 099 | @aCAL 012003083188 | |
| 100 | @a20030424d2001 em y0chiy0120 ea | |
| 101 | 1 | @achi@ceng |
| 102 | @aCN@b110000 | |
| 105 | @aa z 000ay | |
| 200 | 1 | @a白鲸@Abai jing@f(美)梅尔维尔著@F(mei)mei er wei er zhu@g成时译 |
| 210 | @a北京@c人民文学出版社@d2001 | |
| 215 | @a586页@c图@d21cm | |
| 225 | 2 | @a名著名译插图本@Aming zhu ming yi cha tu ben |
| 312 | @a英文并列题名取自封面 | |
| 410 | 0 | @12001 @a名著名译插图本 |
| 510 | 1 | @aMoby-Dick@zeng |
| 606 | 0 | @a长篇小说@Achang pian xiao shuo@y美国@z近代 |
| 606 | 0 | @a文学 |
| 690 | @aI712.44@v4 | |
| 701 | 1 | @a梅尔维尔@AMeierweier@g(Melville, Herman),@f1819-1891@4著 |
| 702 | 0 | @a成时@ACheng Shi@4译 |
| 801 | @aCN@c20061120 | |
| 905 | @a10447@dI712.44@eM425 | |
| 998 | @aXH | |
| 白鲸/(美)梅尔维尔著/成时译.-北京:人民文学出版社,2001 |
| 586页:图;21cm.-(名著名译插图本) |
| ISBN 7-02-003984-7:CNY 23.00 |
| ● |
| 相关链接 |
|
|
|
正题名:白鲸
索取号:I712.44/M425
 
预约/预借
| 序号 | 登录号 | 条形码 | 馆藏地/架位号 | 状态 | 备注 |
| 1 | 611494 | 206114943 | 社科二线422/422社科库 32排1列3层/ [索取号:I712.44/M425] | 在馆 | |
| 2 | 611495 | 206114952 | 社科二线422/422社科库 32排1列3层/ [索取号:I712.44/M425] | 在馆 | |
| 3 | 611496 | 206114961 | 社科二线400B/400B社科库 28排3列1层/ [索取号:I712.44/M425] | 在馆 |